Способы применения, правила выписки и хранения лекарственных средств (Запись № 13701739)

Подробности
000 -МАРКЕР
контрольное поле 03266nam0a2200409 4500
001 - ИДЕНТИФИКАТОР ЗАПИСИ
контрольное поле RU\NLR\BIBL_A\022720334
005 - ИДЕНТИФИКАТОР ВЕРСИИ
контрольное поле 20260510042730.0
010 ## - МЕЖДУНАРОДНЫЙ СТАНДАРТНЫЙ НОМЕР КНИГИ (ISBN)
Номер (ISBN) 978-5-00259-100-8
Тираж 300
021 ## - НОМЕР ГОСУДАРСТВЕННОЙ РЕГИСТРАЦИИ
Код страны Российская Федерация
Номер КН-П-25-076061
Номер Листа государственной регистраци КН-П-25-7370
035 ## - ДРУГИЕ СИСТЕМНЫЕ НОМЕРА
Идентификатор записи (NLR Aleph) 022720334
100 ## - ДАННЫЕ ОБЩЕЙ ОБРАБОТКИ
Данные общей обработки 20260205d2025 u y0rusy50 ca
101 0# - ЯЗЫК РЕСУРСА
Язык текста, звукозаписи и т.д. русский
102 ## - СТРАНА ПУБЛИКАЦИИ ИЛИ ПРОИЗВОДСТВА
Страна публикации Российская Федерация
105 ## - ПОЛЕ КОДИРОВАННЫХ ДАННЫХ: ТЕКСТОВЫЕ МАТЕРИАЛЫ, МОНОГРАФИЧЕСКИЕ
Кодированные данные о монографическом текстовом документе a|||j|||000yy
181 #0 - ПОЛЕ КОДИРОВАННЫХ ДАННЫХ: ВИД СОДЕРЖАНИЯ
Код вида содержания (ISBD) i3
Код характеристики содержания (ISBD) axxe
182 #0 - ПОЛЕ КОДИРОВАННЫХ ДАННЫХ: ТИП СРЕДСТВА
Код типа средства (ISBD) n - непосредственное
200 1# - ЗАГЛАВИЕ И СВЕДЕНИЯ ОБ ОТВЕТСТВЕННОСТИ
Основное заглавие Способы применения, правила выписки и хранения лекарственных средств
Сведения, относящиеся к заглавию учебное пособие для студентов II курса по специальности 31.05.03 - Стоматология
Первые сведения об ответственности д-р мед. наук, проф. И. А. Горбачева, канд. мед. наук Л. А. Шестакова, канд. мед. наук П. С. Шабак-Спасский
Последующие сведения об ответственности под редакцией И. А. Горбачевой
-- Федеральное государственное бюджетное образовательное учреждение высшего образования "Первый Санкт-Петербургский государственный медицинский университет имени академика И. П. Павлова" Министерства здравоохранения Российской Федерации, Кафедра внутренних болезней стоматологического факультета
203 ## - ВИД СОДЕРЖАНИЯ И ТИП СРЕДСТВА
Вид содержания Текст
Дополнительные сведения об издании визуальный
Тип средства непосредственный
210 ## - ПУБЛИКАЦИЯ, РАСПРОСТРАНЕНИЕ И ДР.
Место издания, распространения и т.д. Санкт-Петербург
Имя издателя, распространителя и т. д. РИЦ ПСПбГМУ
Дата издания, распространения и т.д. 2025
215 ## - ФИЗИЧЕСКАЯ ХАРАКТЕРИСТИКА
Специфическое обозначение материала и объем 35, [1] с.
Другие сведения о физической характеристике табл.
Размеры 21
300 ## - ОБЩИЕ ПРИМЕЧАНИЯ
Текст примечания Авт. указаны на обороте тит. с.
320 ## - ПРИМЕЧАНИЯ О НАЛИЧИИ В ДОКУМЕНТЕ БИБЛИОГРАФИИ / УКАЗАТЕЛЯ
Текст примечания Библиогр. в конце кн.
606 1# - НАИМЕНОВАНИЕ ТЕМЫ КАК ПРЕДМЕТ
Наименование темы Фармацевтические препараты
Формальный подзаголовок Учебные издания для высших учебных заведений
Тематический подзаголовок Способы введения
Системный номер авторитетной/нормативной записи 1478387
Идентификатор авторитетной/нормативной записи RU\NLR\AUTH\66628556
606 1# - НАИМЕНОВАНИЕ ТЕМЫ КАК ПРЕДМЕТ
Наименование темы Фармацевтические препараты
Формальный подзаголовок Учебные издания для высших учебных заведений
Тематический подзаголовок Хранение
Системный номер авторитетной/нормативной записи 1399325
Идентификатор авторитетной/нормативной записи RU\NLR\AUTH\66588778
606 1# - НАИМЕНОВАНИЕ ТЕМЫ КАК ПРЕДМЕТ
Наименование темы Фармацевтические препараты
Формальный подзаголовок Учебные издания для высших учебных заведений
Тематический подзаголовок Правила отпуска
Системный номер авторитетной/нормативной записи 2314817
Идентификатор авторитетной/нормативной записи RU\NLR\AUTH\661385172
686 1# - ИНДЕКСЫ ДРУГИХ КЛАССИФИКАЦИЙ
Индекс Р352,8я73
686 1# - ИНДЕКСЫ ДРУГИХ КЛАССИФИКАЦИЙ
Индекс Р11(2)26я73
701 #1 - ИМЯ ЛИЦА - АЛЬТЕРНАТИВНАЯ ОТВЕТСТВЕННОСТЬ
Начальный элемент ввода Горбачева
Часть имени, кроме начального элемента ввода И. А.
Расширение инициалов личного имени Ирина Анатольевна
701 #1 - ИМЯ ЛИЦА - АЛЬТЕРНАТИВНАЯ ОТВЕТСТВЕННОСТЬ
Начальный элемент ввода Шестакова
Часть имени, кроме начального элемента ввода Л. А.
Расширение инициалов личного имени Людмила Андреевна
701 #1 - ИМЯ ЛИЦА - АЛЬТЕРНАТИВНАЯ ОТВЕТСТВЕННОСТЬ
Графика поля Кириллица
Материалы, к которым относится поле rus
Начальный элемент ввода Шабак-Спасский
Часть имени, кроме начального элемента ввода П. С.
Расширение инициалов личного имени Петр Серафимович
Системный номер авторитетной/нормативной записи 66023
Идентификатор авторитетной/нормативной записи RU\NLR\AUTH\7783095
712 02 - НАИМЕНОВАНИЕ ОРГАНИЗАЦИИ - ВТОРИЧНАЯ ОТВЕТСТВЕННОСТЬ
Код отношения Прочие
Начальный элемент ввода Санкт-Петербургский государственный медицинский университет им. И. П. Павлова
Структурное подразделение Кафедра внутренних болезней стоматологического факультета
Системный номер авторитетной/нормативной записи 587838
Идентификатор авторитетной/нормативной записи RU\NLR\AUTH\8810044197
942 ## - ДОПОЛНИТЕЛЬНЫЕ ЭЛЕМЕНТЫ ЗАПИСИ (АБИС)
Тип экземпляра АБИС Книга
980 ## - КОЛЛЕКЦИЯ
Название коллекции Национальная библиография

Нет доступных экземпляров.